00513nam a22001457a 4500003000900000005001700009007000300026008004100029040002500070082001300095245010900108260007900217300002000296500005100316DO-SdBNP20220720102844.0ta110428s2013 dr 000 0 spa d aDO-SdBNPbspacBNPHU axxxbxxx00aNacionalidad dominicana : by regulación de extranjeros, sentencia 0168/13 del Tribunal Constitucional aSanto Domingo :bJunta Central Electoral,bTribunal Constitucional,c2013. a76 p. ;c28 cm. aIncluye notas y biografías a pie de paginas.